Loading...
Science - Chemistry | 0 | 5 | 0 | 1 | 50 | 89 | 119.60 | 0 | 1 |
Fine Arts - Other Fine Arts | 0 | 4 | 0 | 0 | 40 | 63 | 93.25 | 0 | 1 |
Religion | 0 | 4 | 1 | 2 | 35 | 101 | 129.00 | 0 | 1 |
History - European History | 0 | 3 | 0 | 2 | 30 | 110 | 133.00 | 0 | 0 |
History - American History | 0 | 4 | 2 | 2 | 30 | 116 | 137.75 | 0 | 0 |
Science - Biology | 0 | 3 | 1 | 1 | 25 | 88 | 107.00 | 0 | 0 |
Fine Arts - Classical Music | 0 | 3 | 1 | 1 | 25 | 106 | 115.00 | 0 | 0 |
Current Events | 0 | 3 | 1 | 0 | 25 | 70 | 90.00 | 0 | 2 |
Geography | 0 | 2 | 0 | 2 | 20 | 111 | 124.00 | 0 | 0 |
Science - Other Science | 0 | 2 | 0 | 1 | 20 | 128 | 141.50 | 0 | 0 |
Mythology | 0 | 2 | 1 | 0 | 15 | 132 | 142.00 | 0 | 0 |
Literature - World Literature | 0 | 1 | 0 | 0 | 10 | 107 | 107.00 | 0 | 0 |
History - Other History | 0 | 2 | 2 | 0 | 10 | 76 | 91.50 | 0 | 1 |
History - World History | 0 | 1 | 0 | 0 | 10 | 141 | 141.00 | 0 | 0 |
Science - Physics | 0 | 1 | 0 | 0 | 10 | 135 | 135.00 | 0 | 0 |
Social Science | 0 | 0 | 3 | 0 | -15 | 0.00 | 0 | 0 |